| 000 | 00690nam a2200253 a 4500 | ||
|---|---|---|---|
| 001 | BRCA_5814 | ||
| 005 | 20190320205226.0 | ||
| 008 | 100311s1950----fr-a######---#000-0#fre-# | ||
| 041 | _afre | ||
| 044 | _afr | ||
| 050 | 4 |
_aND588.D8 _b.N64 1950 |
|
| 100 | 1 |
_aNoel, Georges _912125 |
|
| 245 | 1 | 0 |
_aDurer _cGeorges Noel. |
| 260 |
_aParís _bBraun _c1950 |
||
| 300 |
_a1 v. (sin paginación) _bil., 60 láminas _c16 cm. |
||
| 440 | 0 |
_aCollection ´Les Maitress´ _99366 |
|
| 500 | _aG24 | ||
| 504 | _aBibliografía: p. [61] | ||
| 600 | 1 | 4 |
_aDurero, Alberto _d1471-1528 _910301 |
| 650 | 1 | 4 |
_aPintores alemanes _9797 |
| 650 | 1 | 4 |
_aGrabadores alemanes _97216 |
| 902 | _aGFM | ||
| 942 |
_2lcc _cB |
||
| 999 |
_c5503 _d5503 |
||